Datum a čas kvízu

7.5 Celkem bodů Celkový počet nahraných bodů na tomto kvízu bez doplňovacích otázek.
11. Pořadí na kvízu Konečné umístění týmu na tomto kvízu.

Zaznamenané odpovědi

# Otázka Odpověď Body Výsledky
1. Ve kterém menším městě ležícím... v Náměšti nad Oslavou 0
2. V pondělním rozhovoru pro míst... Černá Hora 1
3. V sobotu proběhl velkolepý kon... Rio de Janeiro 0
4. Minulý týden byl na aukci v ji... (zlaté) hodinky 0
5. Co způsobilo posunutí začátku... C) na hřišti se usadil včelí roj 0
6. Vítězné téma facebookového hla... Baryk 0
7. Jak se jmenoval herec, který v... Ladislav Trojan 0
8. Který zahraniční dětský seriál... Tlapková patrola 0
9. Která z těchto postav je nejme... D) Zip 0
10. Napište název oblíbeného dětsk... Včelka Mája 0